| 000 | 01030cam a22002891 4500 | ||
|---|---|---|---|
| 999 |
_c3020 _d3020 |
||
| 003 | OSt | ||
| 005 | 20210809081038.0 | ||
| 008 | 711206s1966 nyu b 000 0 eng | ||
| 020 | _a070563543 | ||
| 040 | _cALUPE UNIVERSITY | ||
| 050 | 0 | 0 |
_aHG177 1966 _b.S4 |
| 100 | 1 |
_aSeymour, Harold J. _d1894-1968. |
|
| 245 | 1 | 0 |
_aDesigns for fund-raising; _bprinciples, patterns [and] techniques _c[by] Harold J. Seymour. |
| 260 |
_aNew York, _bMcGraw-Hill _c[1966] |
||
| 300 |
_axiii, 210 pages _c22 cm |
||
| 336 |
_atext _btxt _2rdacontent |
||
| 337 |
_aunmediated _bn _2rdamedia |
||
| 338 |
_avolume _bnc _2rdacarrier |
||
| 504 | _aIncludes bibliographical references (pages 201-203). | ||
| 650 | 0 | _aFund raising. | |
| 650 | 7 |
_aFund raising. _2fast _0(OCoLC)fst00936143 |
|
| 776 | 0 | 8 |
_iOnline version: _aSeymour, Harold J. (Harold James), 1894-1968. _tDesigns for fund-raising. _dNew York, McGraw-Hill [1966] _w(OCoLC)606617977 |
| 910 | _aUclaCollMgr MonosBKS19651968 20210507 | ||
| 910 | _arcp | ||
| 910 | _aMARS | ||
| 942 |
_2lcc _cBK _nPW |
||